[Event "GRENKE Chess Classic 2018"]
[Site "Karlsruhe/Baden Baden GER"]
[Date "2018.03.31"]
[Round "1.2"]
[White "Anand, Viswanathan"]
[Black "Hou, Yifan"]
[Result "1/2-1/2"]
[WhiteTitle "GM"]
[BlackTitle "GM"]
[WhiteElo "2776"]
[BlackElo "2654"]
[WhiteFideId "5000017"]
[BlackFideId "8602980"]
[EventDate "2018.03.31"]

1. Nf3 Nf6 2. c4 e6 3. Nc3 d5 4. e3 Bd6 5. b3 O-O 6. Bb2 c5 7. g4 d4 8. exd4
cxd4 9. Nxd4 e5 10. Nf5 Bxf5 11. gxf5 Nc6 12. Bg2 Nb4 13. Qe2 Nc2+ 14. Kd1 Nxa1
15. Bxa1 Qd7 16. Ne4 Qxf5 17. Nxf6+ Qxf6 18. Bxb7 Rad8 19. Kc2 Rfe8 20. Bc3 Bc5
21. f3 Bd4 22. Re1 g6 23. Qe4 Kg7 24. Bd5 Qb6 25. b4 f5 26. Qd3 Bxc3 27. dxc3
Qd6 28. a4 a5 29. Kb3 Rb8 30. b5 Qc5 31. h4 Rbd8 32. h5 Kf6 33. hxg6 hxg6 34.
Qe3 Qxe3 35. Rxe3 Rd6 36. Re1 Rc8 37. Rh1 Kg7 38. Kc2 g5 39. Rd1 Kf6 40. Kd3 Rb6
41. Rh1 Kg7 42. Rg1 Kf6 43. Ke3 Rd6 44. Rb1 Rb6 45. Ke2 Kg6 46. Kf2 Kf6 47. Rh1
Kg7 48. Re1 1/2-1/2

[Event "GRENKE Chess Classic 2018"]
[Site "Karlsruhe/Baden Baden GER"]
[Date "2018.03.31"]
[Round "1.3"]
[White "Meier, Georg"]
[Black "Aronian, Levon"]
[Result "1/2-1/2"]
[WhiteTitle "GM"]
[BlackTitle "GM"]
[WhiteElo "2648"]
[BlackElo "2794"]
[WhiteFideId "4675789"]
[BlackFideId "13300474"]
[EventDate "2018.03.31"]

1. e4 e5 2. Nf3 Nc6 3. Bb5 Nf6 4. O-O Nxe4 5. Re1 Nd6 6. Nxe5 Be7 7. Bf1 Nxe5 8.
Rxe5 O-O 9. Nc3 Ne8 10. Nd5 Bd6 11. Re2 c6 12. Ne3 Be7 13. Nf5 Bf6 14. Qe1 d5
15. Ne7+ Kh8 16. Nxc8 Rxc8 17. d3 Nd6 18. Qb4 a5 19. Qg4 b5 20. c3 d4 21. cxd4
b4 22. d5 cxd5 23. Bf4 g6 24. Be5 Bxe5 25. Rxe5 Qf6 26. Qd4 Rc2 27. Rb1 Rfc8 28.
Rxd5 Qxd4 29. Rxd4 Nf5 30. Rc4 R8xc4 31. dxc4 Nd4 32. Rd1 Ne6 33. Rd5 a4 34. Ra5
Rxb2 35. Rxa4 Kg7 36. Ra5 Kf6 37. h4 Nd4 38. c5 Rc2 39. Ra6+ Ke5 40. Rb6 Rxa2
41. Rxb4 Ra1 42. g3 1/2-1/2

[Event "GRENKE Chess Classic 2018"]
[Site "Karlsruhe/Baden Baden GER"]
[Date "2018.03.31"]
[Round "1.4"]
[White "Naiditsch, Arkadij"]
[Black "Vachier-Lagrave, Maxime"]
[Result "1/2-1/2"]
[WhiteTitle "GM"]
[BlackTitle "GM"]
[WhiteElo "2701"]
[BlackElo "2789"]
[WhiteFideId "4650891"]
[BlackFideId "623539"]
[EventDate "2018.03.31"]

1. d4 Nf6 2. Nf3 g6 3. Bg5 Bg7 4. c3 h6 5. Bh4 d6 6. Nbd2 g5 7. Bg3 Nh5 8. e4 e6
9. Nc4 f5 10. Nfd2 Nxg3 11. hxg3 O-O 12. Ne3 d5 13. exf5 exf5 14. Nxd5 Re8+ 15.
Ne3 f4 16. Bc4+ Be6 17. Bxe6+ Rxe6 18. Qb3 Qe8 19. Ne4 Nd7 20. gxf4 gxf4 21. Ng4
Kh8 22. f3 Rxe4+ 23. fxe4 Qxe4+ 24. Kf2 f3 25. gxf3 Rf8 26. Nh2 Qh4+ 27. Kg2
Qg5+ 28. Kf1 Qh5 29. Qc2 c5 30. Qg2 cxd4 31. Ng4 Qb5+ 32. Kg1 dxc3 33. bxc3 Qc5+
34. Qf2 Qxc3 35. Kg2 Ne5 36. Nxe5 Bxe5 37. Rxh6+ Kg7 38. Rhh1 Rf6 39. Rag1 Bd4
40. Kf1+ Kf7 41. Rh7+ Kf8 42. Rh8+ Kf7 43. Rh7+ Kf8 44. Rh8+ 1/2-1/2

[Event "GRENKE Chess Classic 2018"]
[Site "Karlsruhe/Baden Baden GER"]
[Date "2018.03.31"]
[Round "1.5"]
[White "Bluebaum, Matthias"]
[Black "Vitiugov, Nikita"]
[Result "0-1"]
[WhiteTitle "GM"]
[BlackTitle "GM"]
[WhiteElo "2631"]
[BlackElo "2735"]
[WhiteFideId "24651516"]
[BlackFideId "4152956"]
[EventDate "2018.03.31"]

1. d4 d5 2. c4 c6 3. Nf3 Nf6 4. e3 Bf5 5. Nc3 e6 6. Nh4 Bg6 7. Bd2 Nbd7 8. Nxg6
hxg6 9. c5 e5 10. b4 Be7 11. b5 O-O 12. Qa4 Re8 13. bxc6 bxc6 14. Be2 exd4 15.
exd4 Nxc5 16. dxc5 d4 17. O-O dxc3 18. Bxc3 Bxc5 19. Bf3 Rc8 20. Bxc6 Re2 21.
Bf3 Rxf2 22. Rxf2 Bxf2+ 23. Kxf2 Rxc3 24. Qxa7 Ne4+ 25. Kg1 Ra3 0-1

[Event "GRENKE Chess Classic 2018"]
[Site "Karlsruhe/Baden Baden GER"]
[Date "2018.04.01"]
[Round "2.1"]
[White "Carlsen, Magnus"]
[Black "Hou, Yifan"]
[Result "1-0"]
[WhiteTitle "GM"]
[BlackTitle "GM"]
[WhiteElo "2843"]
[BlackElo "2654"]
[WhiteFideId "1503014"]
[BlackFideId "8602980"]
[EventDate "2018.03.31"]

1. e4 e5 2. Bc4 Nf6 3. d3 c6 4. Qe2 Be7 5. Nf3 d6 6. c3 Nbd7 7. Bb3 O-O 8. O-O
a5 9. d4 a4 10. Bc2 Re8 11. Re1 Bf8 12. Qd1 b5 13. Nbd2 Qc7 14. Nf1 g6 15. Bg5
h6 16. Bd2 Bg7 17. Ng3 Nb6 18. b3 axb3 19. axb3 Rxa1 20. Qxa1 Bg4 21. Qc1 Bxf3
22. gxf3 h5 23. Bh6 Qe7 24. Bxg7 Kxg7 25. Qg5 Kh7 26. f4 Nfd7 27. Qxe7 Rxe7 28.
fxe5 dxe5 29. Rd1 Re8 30. dxe5 Nxe5 31. f4 Ng4 32. Rd6 Re6 33. Rd8 Kg7 34. Nf1
Rf6 35. h3 Nh6 36. f5 gxf5 37. Ng3 Rg6 38. Kf2 fxe4 39. Nxh5+ Kh7 40. Bxe4 f5
41. Bg2 Nf7 42. Rf8 Ne5 43. Nf4 Rd6 44. Rxf5 Nbd7 45. Ke2 Kg7 46. h4 Nf7 47. Be4
Nde5 48. Nh5+ Kh6 49. Ng3 Re6 50. Ke3 Kg7 51. Rf1 Kf8 52. Nf5 Ng4+ 53. Kf4 Nf6
54. Bf3 Nd5+ 55. Bxd5 cxd5 56. Ra1 Kg8 57. Ra8+ Kh7 58. Ra7 Rf6 59. h5 Kg8 60.
Rd7 b4 61. cxb4 1-0

[Event "GRENKE Chess Classic 2018"]
[Site "Karlsruhe/Baden Baden GER"]
[Date "2018.04.01"]
[Round "2.3"]
[White "Caruana, Fabiano"]
[Black "Bluebaum, Matthias"]
[Result "1/2-1/2"]
[WhiteTitle "GM"]
[BlackTitle "GM"]
[WhiteElo "2784"]
[BlackElo "2631"]
[WhiteFideId "2020009"]
[BlackFideId "24651516"]
[EventDate "2018.03.31"]

1. e4 e6 2. d4 d5 3. Nc3 Nf6 4. e5 Nfd7 5. f4 c5 6. Nf3 Be7 7. Be3 O-O 8. Qd2 a6
9. Bd3 b5 10. Qf2 Nc6 11. dxc5 Qa5 12. O-O b4 13. Ne2 Nxc5 14. Nfd4 Nxd4 15.
Nxd4 Qc7 16. Nb3 Nxb3 17. axb3 a5 18. Bb6 Qc6 19. Bd4 Bd8 20. g4 Ba6 21. f5 Bxd3
22. cxd3 f6 23. Rac1 Qd7 24. fxe6 Qxe6 25. Qf5 Qxf5 26. Rxf5 fxe5 27. Rxf8+ Kxf8
28. Bxe5 Kf7 29. Kf2 Ra6 30. Kf3 Bf6 31. Rc7+ Kg6 32. d4 Re6 33. Kf4 Bg5+ 34.
Kf3 Bf6 35. Kf4 Bg5+ 36. Kf3 1/2-1/2

[Event "GRENKE Chess Classic 2018"]
[Site "Karlsruhe/Baden Baden GER"]
[Date "2018.04.01"]
[Round "2.4"]
[White "Aronian, Levon"]
[Black "Naiditsch, Arkadij"]
[Result "1-0"]
[WhiteTitle "GM"]
[BlackTitle "GM"]
[WhiteElo "2794"]
[BlackElo "2701"]
[WhiteFideId "13300474"]
[BlackFideId "4650891"]
[EventDate "2018.03.31"]

1. c4 Nf6 2. Nc3 g6 3. e4 d6 4. d4 Bg7 5. Nge2 O-O 6. Ng3 e5 7. d5 a5 8. Be2 Na6
9. h4 h5 10. Bg5 Qe8 11. Qd2 Kh7 12. f3 Ng8 13. Nb5 b6 14. a3 Bd7 15. b4 f6 16.
Be3 f5 17. exf5 gxf5 18. Bg5 e4 19. Rb1 exf3 20. gxf3 axb4 21. axb4 Bxb5 22.
cxb5 Nb8 23. O-O Nd7 24. Rbc1 Ra7 25. Bd3 Qe5 26. Nxh5 Qxd5 27. Nf4 Qb3 28. Bc4
Qb2 29. Rc2 Qd4+ 30. Qxd4 Bxd4+ 31. Kg2 Be5 32. Ne6 Rc8 33. Nd8 d5 34. Nc6 Ra3
35. Bxd5 1-0

[Event "GRENKE Chess Classic 2018"]
[Site "Karlsruhe/Baden Baden GER"]
[Date "2018.04.01"]
[Round "2.5"]
[White "Vitiugov, Nikita"]
[Black "Meier, Georg"]
[Result "1-0"]
[WhiteTitle "GM"]
[BlackTitle "GM"]
[WhiteElo "2735"]
[BlackElo "2648"]
[WhiteFideId "4152956"]
[BlackFideId "4675789"]
[EventDate "2018.03.31"]

1. e4 e6 2. d4 d5 3. e5 c5 4. c3 Nc6 5. Nf3 Qb6 6. a3 Nh6 7. b4 cxd4 8. b5 Na5
9. Bxh6 gxh6 10. cxd4 Bd7 11. Nbd2 Rc8 12. a4 Qc7 13. Bd3 Qc3 14. Ke2 Be7 15.
Rc1 Qxc1 16. Qxc1 Rxc1 17. Rxc1 Bd8 18. Nf1 Bb6 19. Rc3 Ke7 20. Ng3 a6 21. Ke3
axb5 22. axb5 Nc4+ 23. Bxc4 Rc8 24. Nd2 Ba5 25. Rc2 dxc4 26. Nge4 c3 27. Nb1 Rg8
28. Nbxc3 Rxg2 29. Nd6 Rxh2 30. Nxb7 Bb6 31. Nc5 h5 32. Nxd7 Kxd7 33. Ne4 h4 34.
Rc6 Bd8 35. Nc5+ Ke8 36. b6 Rh1 37. b7 h3 38. b8=Q h2 39. Rc8 1-0

[Event "GRENKE Chess Classic 2018"]
[Site "Karlsruhe/Baden Baden GER"]
[Date "2018.04.02"]
[Round "3.1"]
[White "Bluebaum, Matthias"]
[Black "Carlsen, Magnus"]
[Result "1/2-1/2"]
[WhiteTitle "GM"]
[BlackTitle "GM"]
[WhiteElo "2631"]
[BlackElo "2843"]
[WhiteFideId "24651516"]
[BlackFideId "1503014"]
[EventDate "2018.03.31"]

1. d4 Nf6 2. c4 g6 3. Nc3 Bg7 4. e4 d6 5. Nf3 O-O 6. Be2 e5 7. Be3 exd4 8. Nxd4
Re8 9. f3 c6 10. Bf2 d5 11. exd5 cxd5 12. O-O Nc6 13. c5 a6 14. Qd2 Qa5 15. Rfe1
Qxc5 16. Ne6 Qa5 17. Nxg7 Kxg7 18. a3 d4 19. Bxd4 Nxd4 20. Qxd4 Rd8 21. Qe3 Bd7
22. Rad1 Be6 23. Rxd8 Rxd8 24. Rd1 Rxd1+ 25. Bxd1 Qd8 26. Be2 Qd6 27. f4 Bd7 28.
Bf3 Bc6 29. Bxc6 Ng4 30. Qg3 Qc5+ 31. Kf1 Ne3+ 32. Ke2 Nf5 33. Qf2 Qxc6 34. g4
Qc4+ 35. Kd2 Nd4 36. Qe3 Nc6 37. Ne2 h5 38. h3 hxg4 39. hxg4 g5 40. fxg5 Qxg4
41. Qc3+ Kg8 42. Qf6 Qg2 43. Ke3 Qh3+ 44. Kd2 Qd7+ 45. Kc2 Ne7 46. Nc3 Ng6 47.
b4 Nf8 48. Qe5 Qe6 49. Qxe6 Nxe6 50. Ne4 Kg7 51. a4 b6 52. Kc3 Kg6 53. Kc4 Nxg5
54. Nd6 f5 55. Nxf5 Kxf5 56. Kd5 Nf3 57. Kc6 b5 58. axb5 Nd4+ 59. Kc5 Nxb5 60.
Kb6 1/2-1/2

[Event "GRENKE Chess Classic 2018"]
[Site "Karlsruhe/Baden Baden GER"]
[Date "2018.04.02"]
[Round "3.2"]
[White "Hou, Yifan"]
[Black "Vachier-Lagrave, Maxime"]
[Result "0-1"]
[WhiteTitle "GM"]
[BlackTitle "GM"]
[WhiteElo "2654"]
[BlackElo "2789"]
[WhiteFideId "8602980"]
[BlackFideId "623539"]
[EventDate "2018.03.31"]

1. Nf3 c5 2. c4 Nf6 3. g3 g6 4. b3 Bg7 5. Bb2 b6 6. Bg2 Bb7 7. O-O O-O 8. d4
cxd4 9. Qxd4 Nc6 10. Qc3 Qc7 11. Rd1 Rad8 12. Na3 a6 13. Rac1 Rfe8 14. Qe1 Qb8
15. Nc2 b5 16. c5 d5 17. cxd6 Rxd6 18. Rxd6 Qxd6 19. Nfd4 Nd5 20. Ba3 Qd7 21.
Nxc6 Bxc6 22. e4 Nc7 23. Nb4 Bb7 24. Rd1 Qc8 25. Qe3 a5 26. Nd3 b4 27. Bb2 Bxb2
28. Nxb2 Nb5 29. Nc4 Nc3 30. Rd2 Rd8 31. Nxa5 Rxd2 32. Qxd2 Ba6 33. Bf1 Bxf1 34.
Kxf1 Qa8 35. Nc4 Qxe4 36. Kg1 Ne2+ 37. Kf1 Nd4 38. f3 Qxf3+ 39. Qf2 Qh1+ 40. Qg1
Qe4 41. Qf2 f6 42. Ne3 Kf7 43. h4 Qh1+ 44. Qg1 Qxg1+ 45. Kxg1 Ne2+ 46. Kf2 Nc3 0-1

[Event "GRENKE Chess Classic 2018"]
[Site "Karlsruhe/Baden Baden GER"]
[Date "2018.04.02"]
[Round "3.3"]
[White "Anand, Viswanathan"]
[Black "Aronian, Levon"]
[Result "1/2-1/2"]
[WhiteTitle "GM"]
[BlackTitle "GM"]
[WhiteElo "2776"]
[BlackElo "2794"]
[WhiteFideId "5000017"]
[BlackFideId "13300474"]
[EventDate "2018.03.31"]

1. e4 e5 2. Nf3 Nc6 3. Bb5 Nf6 4. d3 Bc5 5. c3 O-O 6. O-O Re8 7. Bg5 Be7 8. Re1
d6 9. d4 Bd7 10. d5 Nb8 11. Bxf6 Bxf6 12. a4 Be7 13. Na3 Rf8 14. Bxd7 Nxd7 15.
Nc4 Kh8 16. b4 g6 17. a5 a6 18. Ncd2 f5 19. h3 Bg5 20. c4 Bh6 21. Nb1 fxe4 22.
Rxe4 Nf6 23. Re1 Qd7 24. Nc3 Rf7 25. Ne4 Nxe4 26. Rxe4 Raf8 27. Ra3 Rf4 28. Rae3
R4f6 29. Rc3 Rf4 30. Rce3 R4f6 31. Rc3 Rf4 1/2-1/2

[Event "GRENKE Chess Classic 2018"]
[Site "Karlsruhe/Baden Baden GER"]
[Date "2018.04.02"]
[Round "3.4"]
[White "Naiditsch, Arkadij"]
[Black "Vitiugov, Nikita"]
[Result "1/2-1/2"]
[WhiteTitle "GM"]
[BlackTitle "GM"]
[WhiteElo "2701"]
[BlackElo "2735"]
[WhiteFideId "4650891"]
[BlackFideId "4152956"]
[EventDate "2018.03.31"]

1. e4 e5 2. Nf3 Nc6 3. Bb5 a6 4. Ba4 Nf6 5. d3 Bc5 6. c3 d6 7. Bg5 Ba7 8. Nbd2
h6 9. Bh4 Bd7 10. Nf1 g5 11. Bg3 Ne7 12. Ne3 Ng6 13. Nf5 Ne7 14. Ne3 Ng6 15. Bb3
Qe7 16. Qc2 O-O-O 17. O-O-O Nf4 18. Rhe1 N4h5 19. Nd2 Nxg3 20. hxg3 Ng4 21. Ndf1
Nxe3 22. Nxe3 Bxe3+ 23. Rxe3 h5 24. d4 h4 25. Ba4 Bxa4 26. Qxa4 hxg3 27. Rxg3
Rh4 28. Re3 Rdh8 29. dxe5 Qxe5 30. Qd4 Qxd4 31. cxd4 Rf4 32. Rd2 Rh1+ 33. Kc2
Rf1 34. Ree2 Kd7 35. Kd3 c6 36. Ke3 d5 37. exd5 cxd5 38. f3 Rf6 39. Kd3 Re6 40.
Rc2 Rd1+ 41. Red2 Ree1 42. Rxd1 Rxd1+ 43. Rd2 Re1 1/2-1/2

[Event "GRENKE Chess Classic 2018"]
[Site "Karlsruhe/Baden Baden GER"]
[Date "2018.04.02"]
[Round "3.5"]
[White "Meier, Georg"]
[Black "Caruana, Fabiano"]
[Result "0-1"]
[WhiteTitle "GM"]
[BlackTitle "GM"]
[WhiteElo "2648"]
[BlackElo "2784"]
[WhiteFideId "4675789"]
[BlackFideId "2020009"]
[EventDate "2018.03.31"]

1. e4 e5 2. Nf3 Nc6 3. Bb5 a6 4. Bxc6 dxc6 5. O-O Qf6 6. d4 exd4 7. Bg5 Qd6 8.
Nxd4 Be7 9. Be3 Nh6 10. Qd2 g5 11. Nf3 Rg8 12. h4 Qg6 13. hxg5 Ng4 14. Nc3 h6
15. Bf4 Be6 16. Bxc7 Rc8 17. Bb6 hxg5 18. Ne2 c5 19. Ng3 Rh8 20. Rfd1 Qh6 21. b4
cxb4 22. Bd4 f6 23. c3 bxc3 24. Bxc3 Kf7 25. Rac1 Rc4 26. Bd4 b5 27. Qa5 Nh2 28.
Qxa6 Nxf3+ 29. gxf3 g4 30. f4 Qxf4 31. Rxc4 bxc4 32. Be3 Qf3 33. Rd6 Rh3 34.
Rxe6 Rxg3+ 35. fxg3 Qxe3+ 36. Kh2 Qf2+ 37. Kh1 Qf1+ 0-1

[Event "GRENKE Chess Classic 2018"]
[Site "Karlsruhe/Baden Baden GER"]
[Date "2018.04.06"]
[Round "6.1"]
[White "Meier, Georg"]
[Black "Naiditsch, Arkadij"]
[Result "0-1"]
[WhiteTitle "GM"]
[BlackTitle "GM"]
[WhiteElo "2648"]
[BlackElo "2701"]
[WhiteFideId "4675789"]
[BlackFideId "4650891"]
[EventDate "2018.03.31"]

1. d4 Nf6 2. c4 e6 3. Nf3 d5 4. g3 Bb4+ 5. Bd2 Be7 6. Bg2 O-O 7. O-O c6 8. Qc2
b6 9. Rd1 Bb7 10. b3 Nbd7 11. Nc3 Rc8 12. Bf4 c5 13. Nb5 cxd4 14. Nd6 Bxd6 15.
Bxd6 Re8 16. Nxd4 Nc5 17. Bxc5 Rxc5 18. Qb2 e5 19. Nb5 Qb8 20. e3 h5 21. Qe2 a6
22. Na3 d4 23. Nc2 Bxg2 24. Kxg2 Ne4 25. Qf1 h4 26. f3 Nc3 27. Rd2 hxg3 28. hxg3
Re6 29. Qf2 Rf6 30. exd4 Ne4 31. Qe3 Nxd2 32. dxc5 Nxf3 33. cxb6 Qb7 0-1

[Event "GRENKE Chess Classic 2018"]
[Site "Karlsruhe/Baden Baden GER"]
[Date "2018.04.06"]
[Round "6.2"]
[White "Caruana, Fabiano"]
[Black "Hou, Yifan"]
[Result "1/2-1/2"]
[WhiteTitle "GM"]
[BlackTitle "GM"]
[WhiteElo "2784"]
[BlackElo "2654"]
[WhiteFideId "2020009"]
[BlackFideId "8602980"]
[EventDate "2018.03.31"]

1. e4 e5 2. Nf3 Nf6 3. Nxe5 d6 4. Nf3 Nxe4 5. Nc3 Nxc3 6. dxc3 Be7 7. Be3 O-O 8.
Qd2 Nd7 9. O-O-O Nf6 10. h3 c5 11. Bf4 Be6 12. a3 d5 13. Ng5 Bd7 14. g4 Bc6 15.
Bg2 Re8 16. Qd3 Bd6 17. Qg3 Bxf4+ 18. Qxf4 h6 19. Nf3 Qb8 20. Qxb8 Raxb8 21. Nd2
Re2 22. Rhf1 b6 23. Rde1 Rbe8 24. Rxe2 Rxe2 25. Kd1 Re6 26. f4 Kf8 27. Re1 Ke7
28. Rxe6+ Kxe6 29. Ke2 g5 30. fxg5 hxg5 31. Nf3 Ne4 32. Ke3 f6 33. Bf1 Nd6 34.
Nd2 f5 35. gxf5+ Nxf5+ 36. Kf2 Ke5 37. Nf3+ Kf4 38. Ne1 c4 39. Ng2+ Ke5 40. Be2
Ba4 41. Bd1 Be8 42. Bg4 Bg6 43. Be2 Nd6 44. Ne3 Ne4+ 45. Kf3 Nf6 46. Kf2 Bf7 47.
Ng2 Be6 48. h4 Ne4+ 49. Kf3 Bh3 50. hxg5 Nxg5+ 51. Kg3 Bxg2 52. Kxg2 Ne6 53. Kf2
Nc5 54. Bh5 Na4 55. Be8 Nxb2 56. Ke2 a6 57. Kd2 b5 58. Bh5 Na4 59. Bf7 Nc5 60.
Kc1 Ne6 61. Kb2 Nf4 62. Be8 Ke4 63. Bc6 Ke3 64. Bb7 a5 65. Kc1 Ne2+ 66. Kb2 Kd2
67. Bxd5 Nxc3 68. Bc6 Nd1+ 69. Kb1 Ne3 70. Be4 c3 71. Bh7 Nc4 72. Ka2 Ne5 73.
Be4 Ke3 74. Bh7 Nc6 75. Bg6 Kd2 76. Be4 Nd4 77. Kb1 Kd1 78. Bd5 Nf5 79. Be4 Ne3
80. Bg6 Kd2 81. Bd3 Nc4 82. Ka2 Nb6 83. Kb1 Nc4 84. Ka2 a4 85. Bg6 Kc1 86. Bd3
Nd6 87. Ka1 Nb7 88. Ka2 Nc5 89. Bf5 Na6 90. Bg6 Kd2 91. Bh7 Nb8 92. Bd3 Nc6 93.
Bxb5 Nd4 94. Bxa4 Nxc2 95. Kb3 Nd4+ 96. Kc4 Nc2 97. Kb3 Ne3 98. Kb4 c2 1/2-1/2

[Event "GRENKE Chess Classic 2018"]
[Site "Karlsruhe/Baden Baden GER"]
[Date "2018.04.06"]
[Round "6.3"]
[White "Carlsen, Magnus"]
[Black "Aronian, Levon"]
[Result "1/2-1/2"]
[WhiteTitle "GM"]
[BlackTitle "GM"]
[WhiteElo "2843"]
[BlackElo "2794"]
[WhiteFideId "1503014"]
[BlackFideId "13300474"]
[EventDate "2018.03.31"]

1. c4 Nf6 2. Nc3 e6 3. e4 d5 4. cxd5 exd5 5. e5 Ne4 6. Nf3 Bf5 7. d3 Nxc3 8.
bxc3 c5 9. d4 c4 10. g3 Be7 11. Bg2 Bd3 12. Ng1 Qa5 13. Bd2 Nc6 14. Ne2 Ba3 15.
O-O O-O 16. Re1 Rad8 17. Bg5 Bb2 18. Bxd8 Rxd8 19. Rc1 Bxe2 20. Qxe2 Bxc1 21.
Rxc1 Qa3 22. Qe3 b5 23. e6 f6 24. h4 Ne7 25. Rb1 a6 26. Qd2 Qd6 27. a4 bxa4 28.
Qa2 a3 29. Rb4 h5 30. Qxa3 Nc6 31. Ra4 Qxa3 32. Rxa3 a5 33. e7 Nxe7 34. Rxa5 Rb8
35. Bxd5+ Nxd5 36. Rxd5 Rb3 37. Rxh5 Rxc3 38. Rc5 Rc1+ 39. Kg2 c3 40. Kf3 c2 41.
Kf4 Rd1 42. Rxc2 Rxd4+ 43. Kf5 Kh7 44. f4 Ra4 45. Rc5 Kh6 46. Rd5 Ra6 47. g4 g6+
48. Ke4 Ra4+ 49. Rd4 Ra5 50. Rd5 Ra4+ 51. Ke3 Ra3+ 52. Rd3 Ra6 1/2-1/2

[Event "GRENKE Chess Classic 2018"]
[Site "Karlsruhe/Baden Baden GER"]
[Date "2018.04.06"]
[Round "6.4"]
[White "Vitiugov, Nikita"]
[Black "Vachier-Lagrave, Maxime"]
[Result "1/2-1/2"]
[WhiteTitle "GM"]
[BlackTitle "GM"]
[WhiteElo "2735"]
[BlackElo "2789"]
[WhiteFideId "4152956"]
[BlackFideId "623539"]
[EventDate "2018.03.31"]

1. d4 Nf6 2. c4 g6 3. g3 c6 4. Bg2 d5 5. Qa4 Bg7 6. cxd5 O-O 7. dxc6 Nxc6 8. Nf3
Nd5 9. e3 Nb6 10. Qd1 e5 11. O-O Bg4 12. dxe5 Qxd1 13. Rxd1 Nxe5 14. Nbd2 Rfd8
15. Rf1 Nd3 16. Nb3 Nxc1 17. Raxc1 Bxb2 18. Rc2 Bf6 19. Nfd4 Rac8 20. Rfc1 Rxc2
21. Rxc2 Nd5 22. Rc5 Nb4 23. Bxb7 Nxa2 24. Ra5 Nc3 25. Rxa7 Ne2+ 26. Nxe2 Bxe2
27. Kg2 Bc4 28. Na5 Be6 29. Bf3 Rd2 30. Nc6 Ra2 31. Rc7 Bg5 32. Nb4 Rd2 33. Rc3
Bf6 34. Rc2 Rxc2 35. Nxc2 Kf8 36. Nb4 Bc3 37. Nc6 h6 38. Nd4 Ke7 39. Bb7 Kf6 40.
f4 g5 41. Kf3 gxf4 42. gxf4 Bb2 43. Ne2 Ke7 44. Ng3 f5 45. Ne2 Kf6 46. Nd4 Bc4
47. Bc8 Bd3 48. Kf2 Bc3 49. Bb7 Bb2 50. Bg2 Ba6 51. Bf1 Bc8 52. Bh3 Bc3 53. Nb5
Bd2 54. Nd4 Bc3 55. Ne2 Bd2 56. Ng3 Bc1 57. Ne4+ fxe4 58. Bxc8 h5 59. h4 Ba3 60.
Bd7 Be7 61. Be8 Kf5 62. Kg3 Bc5 63. Kf2 Be7 64. Bxh5 Bxh4+ 65. Ke2 Bg3 66. Bf3
Bxf4 67. Bxe4+ Kxe4 68. exf4 Kxf4 1/2-1/2

[Event "GRENKE Chess Classic 2018"]
[Site "Karlsruhe/Baden Baden GER"]
[Date "2018.04.06"]
[Round "6.5"]
[White "Bluebaum, Matthias"]
[Black "Anand, Viswanathan"]
[Result "1-0"]
[WhiteTitle "GM"]
[BlackTitle "GM"]
[WhiteElo "2631"]
[BlackElo "2776"]
[WhiteFideId "24651516"]
[BlackFideId "5000017"]
[EventDate "2018.03.31"]

1. d4 d5 2. c4 e6 3. Nf3 dxc4 4. e3 b5 5. a4 b4 6. Bxc4 Nf6 7. a5 a6 8. Nbd2 Bb7
9. O-O c5 10. Nb3 Nbd7 11. dxc5 Nxc5 12. Nxc5 Bxc5 13. Qa4+ Qd7 14. Qxd7+ Nxd7
15. Bd2 Ke7 16. Rac1 Rhc8 17. Nd4 Ne5 18. Be2 Bd6 19. Rfd1 Bd5 20. Rxc8 Rxc8 21.
Bxa6 Ra8 22. Bf1 Rxa5 23. Nb5 Bc5 24. Rc1 Ra2 25. Rxc5 Rxb2 26. e4 Rxd2 27. exd5
exd5 28. Rc1 b3 29. Rb1 b2 30. Nc3 Nc4 31. Nxd5+ Rxd5 32. Bxc4 Rc5 33. Re1+ Kf6
34. Bd3 Rd5 35. Bb1 h5 36. g3 g5 37. Kg2 g4 38. Re2 Rb5 39. Re8 Rd5 40. Re2 Rb5
41. h4 Kg7 42. Re7 Rd5 43. Rb7 Rd2 44. Ba2 Kh6 45. Bxf7 1-0

[Event "GRENKE Chess Classic 2018"]
[Site "Karlsruhe/Baden Baden GER"]
[Date "2018.04.07"]
[Round "7.1"]
[White "Anand, Viswanathan"]
[Black "Meier, Georg"]
[Result "1/2-1/2"]
[WhiteTitle "GM"]
[BlackTitle "GM"]
[WhiteElo "2776"]
[BlackElo "2648"]
[WhiteFideId "5000017"]
[BlackFideId "4675789"]
[EventDate "2018.03.31"]

1. e4 e6 2. d4 d5 3. Nc3 dxe4 4. Nxe4 Nd7 5. g3 Be7 6. Nf3 Ngf6 7. Qe2 Nxe4 8.
Qxe4 Rb8 9. Bg2 b5 10. O-O O-O 11. Rd1 Bb7 12. Qe2 Nf6 13. c3 a6 14. a4 Bd5 15.
Ne5 Bxg2 16. Kxg2 Qd5+ 17. Qf3 Qxf3+ 18. Kxf3 Bd6 19. axb5 axb5 20. Bg5 Bxe5 21.
dxe5 Nd5 22. Ra6 c5 23. Be3 Rfc8 24. Rda1 h5 25. Ra7 c4 26. Rd7 b4 27. Bd4 bxc3
28. bxc3 Rb3 29. Rxd5 exd5 30. Kf4 Rbb8 31. Kg5 Ra8 32. Re1 Rc6 33. f4 Ra2 34.
h3 Rd2 35. f5 Rd3 36. Kf4 h4 37. e6 Kf8 38. gxh4 fxe6 39. Ra1 exf5 40. Kxf5 Rxh3
41. Ra8+ Ke7 42. Ra7+ Ke8 43. Ke5 Rxh4 44. Kxd5 Rg6 45. Bxg7 1/2-1/2

[Event "GRENKE Chess Classic 2018"]
[Site "Karlsruhe/Baden Baden GER"]
[Date "2018.04.07"]
[Round "7.2"]
[White "Aronian, Levon"]
[Black "Vitiugov, Nikita"]
[Result "1/2-1/2"]
[WhiteTitle "GM"]
[BlackTitle "GM"]
[WhiteElo "2794"]
[BlackElo "2735"]
[WhiteFideId "13300474"]
[BlackFideId "4152956"]
[EventDate "2018.03.31"]

1. c4 c6 2. g3 d5 3. Nf3 Nf6 4. Bg2 dxc4 5. O-O Nbd7 6. Na3 Nb6 7. Qc2 g6 8.
Nxc4 Nxc4 9. Qxc4 Bg7 10. d3 O-O 11. Bd2 Nd5 12. Qc1 a5 13. Bh6 Bg4 14. Bxg7
Kxg7 15. Ne5 Be6 16. d4 Nf6 17. Rd1 Qb6 18. e4 Rfd8 19. Qc3 Kg8 20. Rd3 Rd6 21.
Rad1 Rad8 22. b3 Qb4 23. Qa1 a4 24. h3 axb3 25. axb3 Nd7 26. Nxd7 R6xd7 27. d5
cxd5 28. exd5 Bf5 29. Re3 Be6 30. Rde1 Bxd5 31. Bxd5 Rxd5 32. Rxe7 Qxe7 33. Rxe7
Rd1+ 34. Qxd1 Rxd1+ 35. Kg2 b6 36. Kf3 Rd3+ 37. Re3 Rd2 38. Re4 Rd3+ 39. Re3 Rd2
40. Re4 Rd3+ 1/2-1/2

[Event "GRENKE Chess Classic 2018"]
[Site "Karlsruhe/Baden Baden GER"]
[Date "2018.04.07"]
[Round "7.4"]
[White "Naiditsch, Arkadij"]
[Black "Carlsen, Magnus"]
[Result "0-1"]
[WhiteTitle "GM"]
[BlackTitle "GM"]
[WhiteElo "2701"]
[BlackElo "2843"]
[WhiteFideId "4650891"]
[BlackFideId "1503014"]
[EventDate "2018.03.31"]

1. e4 c5 2. Nf3 d6 3. d4 cxd4 4. Nxd4 Nf6 5. Nc3 a6 6. g3 e5 7. Nb3 Be7 8. Bg2
O-O 9. O-O Be6 10. Re1 Nbd7 11. Nd2 b5 12. Nf1 Bg4 13. f3 Be6 14. Ne3 Rc8 15. a3
Nb6 16. f4 Re8 17. Kh1 Bf8 18. f5 Bd7 19. Qd3 h6 20. b3 Bc6 21. Bd2 Qc7 22. Rac1
Qb7 23. Ned5 Bxd5 24. exd5 Nbd7 25. Nd1 e4 26. Qd4 Ne5 27. Nf2 Nf3 28. Bxf3 exf3
29. c4 bxc4 30. bxc4 Re5 31. Re3 Rxe3 32. Qxe3 Qb2 33. Nd3 Qxa3 34. Qxf3 Qa2 35.
Bc3 Rxc4 36. Ra1 Qb3 37. Bxf6 gxf6 38. Kg2 Rc3 39. Rd1 h5 40. Kh3 Bh6 41. Re1
Rxd3 42. Qxh5 Re3 0-1